Normal view
MARC view
- JONES,P.EDWARD
Entry Personal Name
001 - CONTROL NUMBER
- control field: 133729
003 - CONTROL NUMBER IDENTIFIER
- control field: NUST
005 - DATE AND TIME OF LATEST TRANSACTION
- control field: 20260316095121.0
008 - FIXED-LENGTH DATA ELEMENTS
- fixed length control field: 260316|| aca||aabn | a|a d
040 ## - CATALOGING SOURCE
- Original cataloging agency: NUST
- Transcribing agency: NUST
100 ## - HEADING--PERSONAL NAME
- Personal name: JONES,P.EDWARD
670 ## - SOURCE DATA FOUND
- Source citation: Work cat.: (NUST): JONES,P.EDWARD., THE KNOWN WORLD /, 2003.
